000 01054cab a2200433 4500
001 ABS59016
008 090401t1998 xxu||||| |||| 00| 0 eng d
035 _a(Sirsi) u87541
041 _aeng
245 _aFocus `98: Somerset, Devon and Cornwall
260 _c1998
350 _a0
490 _aEstates Gazette
_v(9828) 11 July 1998, 69-97(16)
650 _aCORNWALL
650 _aDEVELOPMENT LAND
650 _aDEVON
650 _aEXETER
650 _aFROME
650 _aHOTELS
650 _aHOUSING
650 _aINDUSTRIAL SECTOR
650 _aLEISURE SECTOR
650 _aLICENSED PREMISES
650 _aOUT-OF-TOWN DEVELOPMENTS
650 _aPENZANCE
650 _aPLYMOUTH
650 _aREDEVELOPMENT
650 _aRETAIL SECTOR
650 _aSHOPPING CENTRES
650 _aSOMERSET
650 _aST AUSTELL
650 _aTORBAY
650 _aTORQUAY
650 _aTRURO
650 _aWELLS
690 _aPROPERTY-COMMERCIAL PROPERTY-COMMERCIAL PROPERTY MARKET
942 _n0
948 _c22/07/1998
999 _c55227
_d55227